Vplyv technológie ťahania rúr na mechanické vlastnosti

Na minha lista:
Detalhes bibliográficos
Autor principal: Bukovič, Lukáš, 1981- (Author)
Outros Autores: Ridzoň, Martin, 1984- (Thesis advisor)
Formato: Manuscrito Livro
Idioma:eslovaco
Publicado em: Trnava : STU v Bratislave MTF UVTE KT, 2010
Assuntos:
Acesso em linha:VAIS
Tags: Adicionar Tag
Sem tags, seja o primeiro a adicionar uma tag!

MARC

LEADER 00000ntm a22000003a 4500
001 stu217865
005 20160719160407.0
008 101130s2010----xo------------------slo-d
040 |a STU  |b slo 
041 0 |a slo 
044 |a xo 
100 1 |a Bukovič, Lukáš,  |d 1981-  |4 aut  |X 25332  |7 A000025332 
242 0 0 |a Influence of technology of pulling tubes on mechanical characteristics of tubes.  |y eng 
245 1 |a Vplyv technológie ťahania rúr na mechanické vlastnosti 
260 |a Trnava :  |b STU v Bratislave MTF UVTE KT,  |c 2010 
650 7 |a výrobné technológie  |2 stusub 
650 7 |a Manufacturing Technologies  |2 estusub 
650 7 |a mechanické skúšky  |2 stusub 
700 1 |a Ridzoň, Martin,  |d 1984-  |4 ths  |u M3000  |U MTF Materiálovotechnologická fakulta  |T MTF Ústav výrobných technológií  |X 28896  |U M3000  |Y 83  |7 A000028896 
856 4 |a info a plný text  |u http://is.stuba.sk/zp/portal_zp.pl?podrobnosti=36520  |3 VAIS 
996 |c M*BP-4788  |l MMSKP  |s P  |a 0  |w stu217865_0001